书目信息 |
| 题名: |
铍、碱土金属、硼、铝、镓分族
|
|
| 作者: | 顾学民 | |
| 分册: | ||
| 出版信息: | 北京 科学出版社 1990 |
|
| 页数: | 713 | |
| 开本: | 20cm | |
| 丛书名: | 无机化学丛书 | |
| 单 册: | ||
| 中图分类: | O612 | |
| 科图分类: | ||
| 主题词: | 无机化学 | |
| 电子资源: | ||
| ISBN: | 7-03-001253-4 | |
| 000 | 00591nam0 2200205 450 | |
| 001 | 0754114953 | |
| 005 | 20070929150154.95 | |
| 010 | @a7-03-001253-4 | |
| 100 | @a20070929d km y0chiy0120 ea | |
| 101 | 0 | @achi |
| 200 | 1 | @a铍、碱土金属、硼、铝、镓分族@Api、jian tu jin shu、peng、lu、jia fen zu@f顾学民 等@Fgu xue min deng |
| 210 | @a北京@c科学出版社@d1990 | |
| 215 | @a713@c插图@d20cm | |
| 225 | 2 | @a无机化学丛书 |
| 410 | 0 | @12001 @a无机化学丛书 |
| 606 | 0 | @a无机化学 |
| 690 | @aO612@v3 | |
| 701 | 0 | @a顾学民@Agu xue min |
| 801 | 0 | @aCN@bPFT@c20070929 |
| 905 | @a213230@dO612@eh22:2@f1 | |
| 铍、碱土金属、硼、铝、镓分族/顾学民 等.-北京:科学出版社,1990 |
| 713:插图;20cm.-(无机化学丛书) |
| ISBN 7-03-001253-4: |
| ● |
| 相关链接 |
|
|
|
|
正题名:铍、碱土金属、硼、铝、镓分族
索取号:O612/h22:2
 
预约/预借
| 序号 | 登录号 | 条形码 | 馆藏地/架位号 | 状态 | 备注 |
| 1 | 6000100 | 260001009 | 化学系资料室/ [索取号:O612/h22:2] | 在馆 |